đŸŽ¶ Paroles "La salsa du dĂ©mon" Le grand orchestre du slendid - Statistiques

Statistiques générales
  • Ce quiz a Ă©tĂ© pris 245 fois
  • Le rĂ©sultat moyen est 255 sur 336
Statistiques - réponses
Mots % Correct
l'
99%
m'
98%
Ă 
97%
a
97%
(Aaaah)
97%
c'
97%
C'
97%
de
97%
du
97%
j'
97%
J'
97%
la
97%
la,
97%
lĂ 
97%
Salsa
97%
démon
96%
démon ...
96%
est
96%
je
95%
Je
95%
suis
93%
le
91%
Le
91%
Oui,
90%
oui,
90%
en
89%
les
89%
ma
89%
ai
86%
Ce
85%
un
83%
moi
82%
rut
82%
et
81%
Et
81%
une
81%
mal
80%
qui
79%
Belzébuth
78%
au
77%
des
77%
ne
77%
pas
77%
sur
77%
(Horreur)
76%
(Horreur,
76%
(Malheur)
76%
malheur)
76%
Malheur
76%
mon
76%
aime
72%
poil
72%
partout
71%
tous
71%
son
70%
sorciĂšre
70%
Quand
69%
quand
69%
ceux
68%
lui
68%
pour
68%
fĂȘte...
67%
fĂȘte
67%
cuisses
66%
Vampirella
66%
aujourd'hui
65%
aujourd'hui...
65%
Car
65%
dans
64%
Dans
64%
luxure
64%
vois
64%
fais
62%
sac
62%
vieille
62%
vieille,
62%
pique
61%
aiment
60%
vous
60%
pue
59%
Aux
58%
aux
58%
Mes
58%
mes
58%
rien
58%
vices
58%
comme
56%
rote,
56%
coeur
55%
gosse,
54%
tout
54%
vis
54%
claque
53%
fous
53%
amour
52%
arrĂȘte
52%
pourri
52%
avec
51%
sueur
51%
bois,
50%
complĂšt'ment
50%
faire
50%
fume
50%
sexe
50%
petits
49%
déteste,
48%
habite
48%
ordure
48%
bien
46%
leur
46%
panthĂšre
46%
moche,
45%
balai
43%
bouc,
42%
maudis
42%
maudit
42%
trucs
42%
16Ăšme
40%
fer
40%
hommes
39%
mégÚre
39%
chaĂźnes
38%
coupe
38%
ils
38%
soir
38%
vifs
38%
écorche
37%
pif
35%
amants,
34%
cochons
34%
amis
32%
minets
32%
Puis
32%
Y
32%
pipi
30%
potions
29%
puceaux
29%
Venez
29%
fouette,
28%
crache,
26%
dorment
26%
fuite
26%
boeuf
25%
mords
25%
séduire
25%
Pourchassant
24%
rats
24%
mange
21%
poilus
21%
dégoulinantes
19%
mains
19%
bestioles
17%
bouillir
17%
crapauds,
17%
marmite
17%
épouvante
16%
pendus
12%
Aucun quiz correspondant
Distribution des résultats
% des personnes avec chaque résultat
Percentile par nombre de réponses
Votre historique - résultats
Vous n’avez pas pris ce quiz